10 Most Populous Cities in Virginia - Statistics

General Stats
  • This quiz has been taken 17 times
  • The average score is 8 of 10
Answer Stats
Population City % Correct
236,007 Arlington
100%
228,643 Norfolk
100%
230,017 Richmond
100%
153,927 Alexandria
94%
451,637 Virginia Beach
94%
255,254 Chesapeake
82%
182,141 Newport News
82%
137,037 Hampton
59%
96,405 Portsmouth
53%
102,628 Suffolk
53%
No matching quizzes found
Score Distribution
Percent of People with Each Score
Percentile by Number Answered
Your Score History
You have not taken this quiz